1335 1754 1292 1630 1850 1667 1473 1997 1039 1038 1835 1579 1482 1584 1112 1426 1896 1839 1137 1151 1176 1083 1394 1281 1731 1383 1419 1169 1229 1653 1773 1789 1260 1856 1096 1383 1825 1924 1547 1652 1525 1842 1996 1845 1764 1567 1577 1205 1984 1234 1066 1353 1083 1109 1481 1908 1796 1949 1761 1016 1291 1061 1941 1705 1327 1003 1556 1285 1633 1270 1156 1119 1928 1743 1861 1213 1343 1019 1542 1207 1663 1262 1568 1858 1943 1314 1305 1049 1501 1921 1552 1512 1409 1178 1256 1819 1596 1137 1630 BCNSPRNW ULIB Ver.6.0+V

เปลี่ยนเป็นภาษาไทย

Change to English
 แสดงรายละเอียดบรรณานุกรม
  กลับหน้าหลัก

Brief Record : Get Marc (ISO 2709) : E-mail record : QR code < ปิดหน้าต่าง
LEADER : 00000nam 2200000uu 4500
001    13399109305
003     ULIB
008    110328s2546||||th 000 0 tha d
020    9749181034
060 04 WA540.KA8^bส652ป 2546
245 00 ไปดูการกระจายอำนาจด้านสุขภาพที่ออสเตรเลีย (13-26 กรกฎาคม2546) /^cบรรณาธิการ, ปรีดา แต้อารักษ์, รำไพ แก้ววิเชียร ; ผู้เขียน/สนับสนุนข้อมูลในการเขียน: ลือชา วนรัตน์ ... และคนอื่นๆ]
250    พิมพ์ครั้งที่ 1
260    [นนทบุรี] :^bกลุ่มสนับสนุนและพัฒนาการกระจายอำนาจด้านสุขภาพสำนักนโยบายและยุทธศาสตร์ กระทรวงสาธารณสุข,^c2546
300    80 หน้า :^bภาพประกอบ ;^c21 ซม.
650  7 การบริการสาธารณสุข^zออสเตรเลีย
650  7 การปฏิรูประบบบริการสาธารณสุข^zออสเตรเลีย
700 0  ลือชา วนรัตน์
700 0  ปรีดา แต้อารักษ์,^eบรรณาธิการ
700 0  รำไพ แก้ววิเชียร,^eบรรณาธิการ
710 2  กระทรวงสาธารณสุข. ^bสำนักนโยบายและยุทธศาสตร์.^bกลุ่มสนับสนุนและพัฒนาการกระจายอำนาจด้านสุขภาพ
945    ^p0^l0^i016055
945    ^p0^l0^i016054
945    ^p0^l0^i016056
995    ทศพร
999 ^a ใช้งานได้ทุกระบบ
รายการนี้ยังไม่มีแท็ก
คุณยังไม่ได้ล็อกอิน คุณสามารถมีกิจกรรมร่วมกับเว็บไซต์ได้ แต่ต้องล็อกอินก่อน ::
  ล็อกอิน

รายการสื่อสารสนเทศ

ลำดับที่ ประเภท เลขเรียก/บาร์โค้ด สถานที่ สถานะ
- ไม่พบข้อมูล -

BibComment


ยังไม่เคยถูกคอมเมนท์

คอมเมนท์ทรัพยากรรายการนี้
  คอมเมนท์: ไปดูการกระจายอำนา..


 Copyright 2026. Bcnsprnw @Library